export_success — 

International trade statistics 2011.

Bibliographic Details
Corporate Author: World Trade Organization (WTO)
Format: Book
Published: Geneva: World Trade Organization (WTO), 2011.
Subjects:
LEADER 00475cam a2200145 7i4500
001 0000027667
005 20120511090000.0
020 0 0 |a 9789287037893  
090 0 0 |a STAT 382.021   |b WOR 
110 2 0 |a World Trade Organization (WTO) 
245 0 0 |a International trade statistics 2011. 
260 0 0 |a Geneva:   |b World Trade Organization (WTO),   |c 2011. 
300 # # |a 268 p. 
650 0 0 |a International trade --   |x Statistics --   |x Yearbooks  
999 |a B000030253  |b Book  |c Statistics  |e Business Information Centre